000 00268nam a2200121Ia 4500
100 _aUniversity of Mumbai
650 _aCompendium
942 _cBK
245 _aCompendium vol.2
260 _bUniversity of Mumbai
_c2009
546 _aENGLISH
_cComputers
999 _c19480
_d19480